WWE Smackdown (PS1) Roster - Statistics

General Stats
  • This quiz has been taken 152 times
  • The average score is 27 of 36
Answer Stats
Wrestler % Correct
Kane
95%
Stone Cold Steve Austin
95%
The Rock
95%
The Undertaker
93%
Triple H
93%
Christian
92%
Edge
92%
Chris Jericho
90%
Jeff Hardy
88%
Matt Hardy
88%
The Big Boss Man
87%
The Big Show
85%
Vince McMahon
83%
Mankind
80%
Mr. Ass
80%
Shane McMahon
80%
Road Dogg
78%
Test
75%
X-Pac
75%
Bradshaw
72%
Buh Buh Ray Dudley
72%
Chyna
72%
Al Snow
70%
D-Von Dudley
70%
Faarooq
67%
D'Lo Brown
65%
Gangrel
63%
Mark Henry
63%
The Godfather
63%
Ken Shamrock
62%
Val Venis
58%
Hardcore Holly
57%
Steve Blackman
55%
Debra
47%
Paul Bearer
38%
Tori
38%
No matching quizzes found
Score Distribution
Percent of People with Each Score
Percentile by Number Answered
Your Score History
You have not taken this quiz